Rubber Processing (Record no. 45155)
[ view plain ]
| 000 -LEADER | |
|---|---|
| fixed length control field | 00260nam a2200097Ia 4500 |
| 245 #0 - TITLE STATEMENT | |
| Title | Rubber Processing |
| 260 ## - PUBLICATION, DISTRIBUTION, ETC. (IMPRINT) | |
| Name of publisher | Rubber Research Institute of India |
| Place of publication | Kottayam |
| Year of publication | 2009 |
| 650 ## - SUBJECT ADDED ENTRY--TOPICAL TERM | |
| Topical Term | Crop Processing |
| 942 ## - ADDED ENTRY ELEMENTS (KOHA) | |
| Koha item type | Publications |
| Withdrawn status | Lost status | Damaged status | Not for loan | Collection code | Home library | Current library | Date acquired | Accession Number | Koha item type |
|---|---|---|---|---|---|---|---|---|---|
| Publications | Pamphlets | RRII Library | RRII Library | 31/12/2021 | PH 15 | Publications |